| 000 | 00735 a2200241 4500 | ||
|---|---|---|---|
| 005 | 20251203160647.0 | ||
| 008 | 251203b |||||||| |||| 00| 0 eng d | ||
| 020 | _a978-1-350-25842-6 (pbk) | ||
| 037 | _cTB | ||
| 040 |
_aCRL _cCRL |
||
| 041 | _aENG | ||
| 084 | _aR2 R4 | ||
| 100 |
_aChurch, Ian M. _9821967 |
||
| 245 |
_aVirtue epistemology and the analysis of knowledge _bToward a non-educative model |
||
| 260 |
_bBloomsbuy Academic _c2024 |
||
| 300 | _a244p. | ||
| 365 |
_b 28.99 _cUKP |
||
| 650 | _2Philosophy | ||
| 650 | _2Knowledge | ||
| 700 |
_aChurch, Ian M. _eAuthor _9854305 |
||
| 942 |
_cTB _2CC _n0 _hR2 R4 |
||
| 999 |
_c1435804 _d1435804 |
||